[Event "Gibraltar Challengers A 2020"]
[Site "Caleta"]
[Date "2020.01.23"]
[Round "4.36"]
[White "Campuzano, Franco"]
[Black "Brown, David"]
[Result "1-0"]
[WhiteElo "1785"]
[BlackElo "1916"]
[Annotator "NA"]
[PlyCount "119"]
[EventDate "2020.01.20"]
[EventType "swiss"]
[EventCountry "GGB"]
[SourceTitle "playchess.com"]
[Source "ChessBase"]
[SourceQuality "1"]
[TimeControl "6600+10"]

1. e4 {[%emt 0:00:00]} e5 {[%emt 0:05:44]} 2. Nf3 {[%emt 0:00:46]} Nc6 {[%emt 0:00:47]} 3. Nc3 {[%emt 0:01:50]} Nf6 {[%emt 0:00:18]} 4. g3 {[%emt 0:00:12]} d6 {[%emt 0:06:16]} 5. Bg2 {[%emt 0:03:10]} g6 {[%emt 0:06:05]} (5... Be7 6. O-O O-O 7. d3 a6 8. Ne1 b5 9. f4 Rb8 10. Nd5 exf4 11. Nxe7+ Nxe7 12. Bxf4 Nd7 13. Nf3 Bb7 14. a4 b4 15. a5 {0-1 (47) Golubov,S (2497)-Maghsoodloo,P (2501) Poprad 2016}) 6. O-O {[%emt 0:00:19] C47: Scotch Four Knights and Four Knights with 4 g3} Bg7 {[%emt 0:00:03]} 7. b3 {[%emt 0:00:44]} O-O {[%emt 0:00:20]} 8. Bb2 {[%emt 0:00:31]} h6 $146 {[%emt 0:07:01]} ({Predecessor:} 8... Be6 9. Re1 Qd7 10. Ng5 Bg4 11. f3 Be6 12. Nxe6 Qxe6 {0-1 (24) Hubert,N (957)-Zinnikus,E (776) Willingen 2017}) 9. d3 {[%emt 0:02:40]} Bg4 {[%emt 0:02:19]} 10. h3 {[%emt 0:00:16]} Be6 {[%emt 0:00:10]} 11. Ne2 {[%emt 0:03:01]} Qc8 {[%emt 0:11:48]} 12. Kh2 {[%emt 0:00:16]} Rd8 {[%emt 0:00:04]} 13. d4 {[%emt 0:01:22]} d5 {[%emt 0:01:29]} 14. Nxe5 {[%emt 0:09:43]} Nxe5 {[%emt 0:18:59]} 15. dxe5 {[%emt 0:02:26]} dxe4 {[%emt 0:00:00]} 16. Qc1 {[%emt 0:01:27]} Nd5 {[%emt 0:12:13]} 17. Nf4 {[%emt 0:01:27]} Nxf4 {[%emt 0:01:29]} 18. Qxf4 {[%emt 0:00:19]} c6 {[%emt 0:00:51]} 19. Rad1 {[%emt 0:02:20]} Rd5 {[%emt 0:02:43]} 20. Qxe4 {[%emt 0:01:48]} Ra5 {[%emt 0:04:36]} 21. a3 {[%emt 0:01:27]} Bf5 {[%emt 0:03:24] [#]} 22. Qe1 {[%emt 0:01:59]} (22. Qe2 $1 $18 {has better winning chances.}) 22... Qc7 {[%emt 0:01:04]} 23. b4 {[%emt 0:08:29]} Ra4 {[%emt 0:05:03]} 24. Qc3 {[%emt 0:12:01]} Be6 {[%emt 0:04:28]} 25. Rd2 {[%emt 0:03:35]} a5 {[%emt 0:01:05]} 26. bxa5 {[%emt 0:07:01]} R8xa5 {[%emt 0:03:10]} 27. f4 {[%emt 0:04:29]} Qb6 {[%emt 0:06:47]} 28. Rfd1 {[%emt 0:05:17]} Rc4 {[%emt 0:02:07]} 29. Qd3 {[%emt 0:01:39]} Bf8 {[%emt 0:01:11]} 30. Bc1 {[%emt 0:05:00]} Rac5 {[%emt 0:00:32]} 31. Be4 {[%emt 0:00:54]} Rc3 {[%emt 0:00:36]} 32. Qe2 {[%emt 0:00:48]} Bc4 {[%emt 0:00:41]} 33. Qg4 {[%emt 0:01:02]} h5 {[%emt 0:00:19]} 34. Qg5 {[%emt 0:00:52]} Bd5 $2 {[%emt 0:00:19]} (34... Rd5 $1 $14) 35. Bxg6 {[%emt 0:04:19]} fxg6 {[%emt 0:00:06]} 36. Qxg6+ {[%emt 0:00:08]} Bg7 {[%emt 0:00:02] [#]} 37. e6 $1 {[%emt 0:04:22]} Re3 $2 {[%emt 0:01:07]} (37... Qc7 $16 {is more resistant.}) 38. Qf7+ {[%emt 0:08:59]} Kh7 {[%emt 0:00:12]} 39. Qxh5+ {[%emt 0:03:41]} Kg8 {[%emt 0:00:02]} 40. c4 {[%emt 0:03:41]} Rxc4 {[%emt 0:00:19]} 41. Qf7+ {[%emt 0:00:24]} Kh8 {[%emt 0:00:19]} 42. Qh5+ {[%emt 0:01:24]} Kg8 {[%emt 0:00:02]} 43. Qf7+ {[%emt 0:00:48]} Kh8 {[%emt 0:00:01]} 44. Qe8+ {[%emt 0:00:09]} Kh7 {[%emt 0:00:05]} 45. Qh5+ {[%emt 0:00:05]} Kg8 {[%emt 0:00:02]} 46. Qf7+ {[%emt 0:00:17]} Kh7 {[%emt 0:00:02]} 47. f5 $2 {[%emt 0:00:08]} ({White has to play} 47. Bb2 $1 $18 {[%csl Gb2][%cal Rf7g7]} Rxg3 {[%mdl 64] Decoy} 48. Kxg3 Qe3+ 49. Kh2 Qxf4+ 50. Qxf4 Rxf4 51. Re1) 47... Rce4 $1 $11 {[%emt 0:00:28] and Black is okay.} 48. Qg6+ {[%emt 0:00:06]} (48. Rg2 Re1 49. Rxd5 R4e2 50. Qh5+ Kg8 51. Qxe2 Qg1+ 52. Rxg1 Rxe2+ 53. Rg2 Rxg2+ 54. Kxg2 cxd5) 48... Kh8 {[%emt 0:00:04]} 49. Qh5+ {[%emt 0:00:02]} Kg8 {[%emt 0:00:01]} 50. Qf7+ $2 {[%emt 0:00:14]} ({White should try} 50. Qe8+ $18 Kh7 51. Rg2 Rxe6 52. Bxe3 Rxe8 53. Bxb6) 50... Kh8 $18 {[%emt 0:00:04]} 51. Qh5+ $2 {[%emt 0:00:18]} Kg8 {[%emt 0:00:01]} 52. f6 {[%emt 0:00:13]} Bxf6 {[%emt 0:00:08]} 53. Qf7+ {[%emt 0:00:01]} Kh8 {[%emt 0:01:44]} 54. Qxf6+ {[%emt 0:00:00]} Kg8 {[%emt 0:00:00]} 55. Qf7+ {[%emt 0:00:00]} Kh8 {[%emt 0:00:00]} 56. Bb2+ {[%emt 0:00:00]} Qxb2 {[%emt 0:00:00]} 57. Rxb2 {[%emt 0:00:00]} Re2+ {[%emt 0:00:00]} 58. Rxe2 {[%emt 0:00:00]} Rxe2+ {[%emt 0:00:00]} 59. Kg1 {[%emt 0:00:00]} Rxe6 {[%emt 0:00:00]} 60. Rxd5 {[%emt 0:00:00]} 1-0

[Event "Gibraltar Challengers A 2020"]
[Site "Caleta"]
[Date "2020.01.23"]
[Round "4.37"]
[White "Kaplan, Amiram"]
[Black "Lafour, Jephte"]
[Result "1-0"]
[WhiteElo "1880"]
[BlackElo "1690"]
[Annotator "NA"]
[PlyCount "113"]
[EventDate "2020.01.20"]
[EventType "swiss"]
[EventCountry "GGB"]
[SourceTitle "playchess.com"]
[Source "ChessBase"]
[SourceQuality "1"]
[TimeControl "6600+10"]

1. e4 {[%emt 0:00:00]} d5 {[%emt 0:00:09]} 2. exd5 {[%emt 0:00:00]} Qxd5 {[%emt 0:00:06]} 3. Nc3 {[%emt 0:00:08]} Qd6 {[%emt 0:00:19]} 4. d4 {[%emt 0:04:18]} c6 {[%emt 0:00:07]} 5. h3 {[%emt 0:01:43]} Nf6 {[%emt 0:00:21]} 6. Nf3 {[%emt 0:00:36] B01: Scandinavian Defence} Bf5 {[%emt 0:05:37]} (6... g6 7. Ne5 Nbd7 8. Nc4 Qc7 9. Be2 Bg7 10. O-O b5 11. Nd2 O-O 12. Bf3 Bb7 13. Nde4 Rad8 {½-½ (50) Vachier Lagrave,M (2780)-Carlsen,M (2872) Moscow 2019}) 7. Bd3 {[%emt 0:02:44]} Bxd3 {[%emt 0:02:16]} 8. Qxd3 {[%emt 0:00:12]} e6 {[%emt 0:01:19]} 9. O-O {[%emt 0:00:18]} Be7 {[%emt 0:00:39]} 10. Ne2 {[%emt 0:01:59]} O-O {[%emt 0:07:41]} 11. Bf4 {[%emt 0:03:57]} Qd8 {[%emt 0:00:14]} 12. Rad1 {[%emt 0:02:14]} Nbd7 {[%emt 0:04:03]} 13. c4 $146 {[%emt 0:01:26]} ({Predecessor:} 13. Rfe1 Re8 {1-0 (27) Deissenberger,T (1923)-Klueber,W (1660) Bayern 2016}) 13... Qa5 {[%emt 0:05:49]} 14. Bd2 {[%emt 0:06:04]} Bb4 {[%emt 0:09:42]} 15. Be3 {[%emt 0:04:18]} Be7 {[%emt 0:01:56]} 16. a3 {[%emt 0:00:57]} Rfd8 {[%emt 0:06:16]} 17. b4 {[%emt 0:01:23]} Qc7 {[%emt 0:00:06]} 18. Qc2 {[%emt 0:14:08]} e5 {[%emt 0:11:33]} 19. Rfe1 {[%emt 0:03:49]} a5 {[%emt 0:03:07]} 20. dxe5 {[%emt 0:04:04]} Nxe5 {[%emt 0:02:35]} 21. Rxd8+ {[%emt 0:00:25]} Bxd8 {[%emt 0:06:04]} 22. Nfd4 {[%emt 0:03:44]} Ng6 {[%emt 0:05:15]} 23. Nc3 {[%emt 0:07:50]} ({White should play} 23. Nf5 $14) 23... axb4 {[%emt 0:01:57]} 24. axb4 {[%emt 0:00:08]} h6 {[%emt 0:11:13]} 25. Qd2 {[%emt 0:04:02]} Be7 {[%emt 0:07:15]} 26. c5 {[%emt 0:01:09]} Rd8 {[%emt 0:02:23]} 27. Qc2 {[%emt 0:05:16]} Bf8 {[%emt 0:01:28]} 28. Nf5 {[%emt 0:16:27]} Nd5 {[%emt 0:04:52]} 29. Nxd5 {[%emt 0:01:01]} Rxd5 {[%emt 0:00:11]} 30. g4 {[%emt 0:03:45]} Ne5 {[%emt 0:02:53]} 31. Kg2 {[%emt 0:01:14]} ({White should play} 31. Qe4 $11) 31... Qd7 {[%emt 0:00:44]} 32. Ra1 {[%emt 0:02:10]} ({Better is} 32. Nd4 $11) 32... Nd3 {[%emt 0:01:09]} (32... g6 $15 33. Ng3 Rd3) 33. Qc4 {[%emt 0:02:11]} (33. Qc3 $5 {[%cal Ra1a8]}) 33... Ne5 {[%emt 0:00:26]} (33... g6 $5 {[%cal Rg6f5]} 34. Nh4 Ne5 $11) 34. Qe4 {[%emt 0:00:47]} Ng6 {[%emt 0:01:26]} (34... Qd8 $11) 35. Ra8 {[%emt 0:00:26]} Re5 {[%emt 0:00:26]} 36. Qc4 {[%emt 0:04:36]} (36. Qd4 $16 Qe6 37. Nxg7 Kxg7 38. f4 {[%mdl 64] Pin}) 36... Re8 {[%emt 0:01:05]} 37. Rxe8 {[%emt 0:00:45]} Qxe8 {[%emt 0:00:03]} 38. Qd4 {[%emt 0:01:12]} Qe6 {[%emt 0:01:24]} 39. Nd6 {[%emt 0:01:08]} Bxd6 {[%emt 0:00:50]} 40. cxd6 {[%emt 0:00:45]} Ne5 {[%emt 0:00:34]} 41. Bf4 {[%emt 0:01:12]} Nd7 {[%emt 0:00:12]} 42. Qc3 {[%emt 0:01:04]} f6 {[%emt 0:00:19]} 43. b5 {[%emt 0:00:26]} Qd5+ {[%emt 0:00:14]} 44. Kg3 {[%emt 0:00:14]} (44. Kg1 $15) 44... Qxb5 {[%emt 0:00:08]} 45. Qe3 {[%emt 0:00:01]} Ne5 $2 {[%emt 0:00:30]} (45... Nf8 $15 46. Qe8 Qb3+ 47. Kh2 Qd5) 46. Bxe5 {[%emt 0:00:04]} fxe5 {[%emt 0:00:16]} 47. Qd2 {[%emt 0:00:31]} Qb6 {[%emt 0:00:24]} 48. d7 {[%emt 0:00:01]} Qd8 {[%emt 0:00:02]} 49. Qd6 {[%emt 0:00:03]} Kf7 {[%emt 0:00:01]} 50. Kf3 {[%emt 0:00:08]} c5 {[%emt 0:00:03]} 51. Ke4 {[%emt 0:00:03]} c4 {[%emt 0:00:02]} 52. Kxe5 {[%emt 0:00:06]} Qe7+ {[%emt 0:00:14]} 53. Kd5 {[%emt 0:00:07]} c3 {[%emt 0:00:26]} 54. d8=Q {[%emt 0:00:11]} Qxd8 {[%emt 0:00:24]} 55. Qxd8 {[%emt 0:00:02]} c2 {[%emt 0:00:01]} 56. Qc7+ {[%emt 0:00:01]} Kg6 {[%emt 0:00:01]} 57. Qxc2+ {[%emt 0:00:10]} 1-0

[Event "Gibraltar Challengers A 2020"]
[Site "Caleta"]
[Date "2020.01.24"]
[Round "5.1"]
[White "Carrascoso Morales, Abel"]
[Black "De Abreu, Roberto N"]
[Result "1/2-1/2"]
[WhiteElo "2229"]
[BlackElo "2154"]
[Annotator "TA"]
[PlyCount "44"]
[EventDate "2020.01.20"]
[EventType "swiss"]
[EventCountry "GGB"]
[SourceTitle "playchess.com"]
[Source "ChessBase"]
[SourceQuality "1"]

{[%evp 14,15,38,32]} 1. e4 e6 2. d4 d5 3. Nd2 Nf6 4. e5 Nfd7 5. Bd3 c5 6. c3 Nc6 7. Ne2 cxd4 8. cxd4 {Predecessor:} f6 $146 9. exf6 Nxf6 10. O-O Bd6 11. Nf3 O-O 12. Bf4 Bxf4 13. Nxf4 Ng4 14. Qd2 Qf6 15. Ne2 e5 16. dxe5 Ngxe5 17. Nxe5 Qxe5 18. Rae1 Be6 19. Bb5 Qd6 20. Nd4 Bd7 21. Nb3 Rad8 22. Bxc6 bxc6 {½-½ (86) Jones,G (2666)-Volkov,S (2557) Linares 2018} 1/2-1/2

[Event "Gibraltar Challengers A 2020"]
[Site "Caleta"]
[Date "2020.01.24"]
[Round "5.2"]
[White "Piasetski, Leon"]
[Black "Levay, Sorin"]
[Result "1-0"]
[WhiteElo "2219"]
[BlackElo "2192"]
[Annotator "TA"]
[PlyCount "97"]
[EventDate "2020.01.20"]
[EventType "swiss"]
[EventCountry "GGB"]
[SourceTitle "playchess.com"]
[Source "ChessBase"]
[SourceQuality "1"]

{[%evp 9,97,38,78,72,94,58,62,52,64,54,61,65,72,31,81,40,44,12,25,23,27,25,19,16,63,37,40,39,112,92,70,87,94,83,66,43,83,89,252,143,420,310,280,236,236,243,244,232,238,243,235,215,200,202,207,195,356,358,337,337,406,415,404,392,371,382,355,348,431,430,456,457,456,457,434,424,535,533,521,513,540,494,545,546,792,856,851,837,825,801]} 1. c4 g6 2. Nf3 Bg7 3. e4 d6 4. d4 Bg4 5. Be2 c5 (5... Nc6 6. d5 Bxf3 7. Bxf3 Nd4 8. O-O c5 9. dxc6 bxc6 10. Nc3 e5 11. Be3 Ne7 12. b4 O-O 13. Rb1 Qc7 14. b5 cxb5 15. Nxb5 Qxc4 16. Bxd4 exd4 17. Nxd6 {0-1 (56) Gupta,A (2609)-Korobov,A (2679) Khanty-Mansiysk 2019}) 6. d5 {A41: 1 d4 d6: Tartakower System and Modern Defence} Qa5+ 7. Nbd2 (7. Bd2 {feels hotter.} Qc7 8. Nc3 Nd7 9. O-O Ngf6 10. Be3) 7... Bxf3 8. Bxf3 {White is slightly better.} Nd7 $146 ({Predecessor:} 8... b5 9. cxb5 Qxb5 10. Be2 Qb4 11. Bc4 Bh6 12. Qc2 Nf6 13. O-O Nbd7 14. a3 Qb6 15. Be2 O-O 16. Nc4 {1-0 (16) Molina,A (2148)-Staples,D (1896) Caleta 2010}) 9. O-O Ngf6 10. Be2 Qc7 11. f4 h6 12. Bd3 g5 13. g3 O-O-O 14. Nf3 gxf4 15. gxf4 Rdg8 16. Kh1 Ng4 17. Qe2 Bf6 18. Rb1 Qd8 (18... h5 $14) 19. Bd2 e5 20. dxe6 fxe6 21. e5 dxe5 22. f5 exf5 23. Bxf5 {Strongly threatening b4.} Kb8 $2 {[#]} (23... Qc7 $16 {keeps fighting.}) 24. Rbd1 ({White must play} 24. Bc3 $1 $18 {Hoping for Rbd1.} Qc7 25. Rbd1) 24... Qe7 $2 {[%mdl 8192]} (24... Rg7 $16 {might work better.} 25. Bc3 e4) 25. Bc3 Nb6 26. Bxg4 Rxg4 27. Nxe5 Rd4 28. Bxd4 cxd4 29. Rde1 Qxe5 30. Qxe5+ Bxe5 31. Rxe5 Nxc4 $18 {[%mdl 4096] Endgame KRR-KRN} 32. Re7 Rd8 $2 {[#]} (32... Rc8 {was called for.} 33. Rd7 Ne3) 33. Rff7 Nd6 34. Rg7 Rc8 35. Rd7 Rc1+ 36. Rg1 Rc6 37. Rg8+ Nc8 38. Rxd4 Rc1+ 39. Kg2 {White is clearly winning.} Rc2+ 40. Kf3 Kc7 41. Rg2 Rc6 42. Rg7+ Kb6 43. Rb4+ Kc5 44. Rbxb7 Rf6+ 45. Kg2 Nd6 46. Rxa7 Kd4 47. Ra6 Ke3 48. Re7+ Kf4 49. Rd7 {Accuracy: White = 75%, Black = 36%.} 1-0

[Event "Gibraltar Challengers A 2020"]
[Site "Caleta"]
[Date "2020.01.24"]
[Round "5.3"]
[White "Yanev, Pavel"]
[Black "Ask, Josef"]
[Result "1/2-1/2"]
[WhiteElo "2200"]
[BlackElo "2174"]
[Annotator "TA"]
[PlyCount "138"]
[EventDate "2020.01.20"]
[EventType "swiss"]
[EventCountry "GGB"]
[SourceTitle "playchess.com"]
[Source "ChessBase"]
[SourceQuality "1"]

{[%evp 14,138,1,-14,0,-41,13,-63,-64,-68,-61,-106,-71,-114,-45,-58,-28,-47,-45,-51,-47,-50,-42,-35,-59,-65,-56,-58,-46,-50,-16,-22,-20,-45,-52,-191,-187,-177,-168,-156,-132,-229,-243,-418,-395,-408,-386,-368,-396,-367,-370,-367,-367,-431,-331,-509,-509,-501,-501,-766,-706,-1257,-1253,-1178,-1189,-1177,-766,-975,-973,-973,-946,-880,-769,-1170,-1148,-1079,-1063,-1833,-1585,-1806,-1764,-1419,-949,-783,-638,-469,-399,-309,-117,-97,-114,-217,0,0,0,0,0,0,0,0,8,0,0,0,0,0,0,0,0,0,0,0,0,0,0,0,0,0,0,0,0,0,0,0,0,0,0]} 1. e4 e5 2. Bc4 Nc6 3. d3 Nf6 4. Nc3 Bb4 5. Nge2 d5 6. exd5 Nxd5 7. O-O Be6 8. Ne4 Be7 {C28: Vienna Game: 2...Nf6 3 Bc4 Nc6} 9. f4 (9. Bb3 O-O 10. f4 exf4 11. Nxf4 Nxf4 12. Bxf4 Nd4 13. Bxe6 Nxe6 14. Be5 Qd5 15. Bc3 f5 16. Nd2 {½-½ (41) Caruana,F (2816)-So,W (2778) Paris 2018}) 9... f5 ({Better is} 9... exf4 $15 10. Bxf4 Nxf4 11. Rxf4 Qd7) 10. Ng5 $146 ({White should try} 10. N4g3 $11) ({Predecessor:} 10. N4g3 O-O 11. Kh1 g6 12. Bb3 {½-½ (12) Curnow,D-Bradley,T England 1993}) 10... Bxg5 $1 $15 {Black is slightly better.} 11. fxg5 Qd6 12. Qe1 O-O-O 13. a3 g6 (13... f4 $17 14. Bd2 h6) 14. b4 Rhe8 15. Qf2 Nb6 16. Bxe6+ Rxe6 17. b5 Nd4 18. Nxd4 Qxd4 19. Qxd4 exd4 20. Bd2 Rd5 21. Rfe1 Kd7 22. Rxe6 Kxe6 $11 {[%mdl 4096] Endgame KRB-KRN} 23. Re1+ Re5 24. Rxe5+ (24. Rb1 $15) 24... Kxe5 $15 {KB-KN} 25. Kf2 Nd5 26. Kf3 Kd6 27. Be1 (27. h3 $17) 27... Kc5 $19 28. g4 $2 (28. Bf2 Nc3 29. h4) 28... fxg4+ 29. Ke4 Nc3+ 30. Ke5 Nxb5 31. Bb4+ Kc6 32. a4 Nc3 33. a5 Ne2 34. Be1 (34. Kf6 $142 Ng1 35. Bd2) 34... a6 35. Bb4 b6 36. Kf6 (36. axb6 $142 cxb6 37. Be7) 36... Kd5 37. Ke7 bxa5 38. Bxa5 c6 39. Bb6 Nf4 40. Kf6 Ne6 41. Ba5 c5 42. Bb6 Nf4 43. Kg7 Ke5 44. Kxh7 Kf5 $1 45. Kh6 Ne6 46. Ba5 Nxg5 47. Bb6 Ne6 48. Kh7 g5 49. Kg8 Ke5 50. Kf7 {[#] If only White now had time for Kg6....} Kd5 $2 (50... Nf4 $1 $19 {is more deadly.} 51. Bd8 Nd5) 51. Kf6 $17 {[#]} Nf8 $1 {[%cal Rf8d7]} 52. Kxg5 (52. Kf5 $17) 52... Kc6 $2 ({Black should play} 52... Nd7 $19 53. Bc7 Ne5) 53. Ba5 $1 $11 {The position is equal.} Kb5 54. Bd2 a5 55. Kxg4 a4 56. Kf5 c4 {Threatens to win with ...c3.} (56... a3 $5 57. Bc1 $8 a2 $11) 57. dxc4+ Kxc4 58. h4 a3 {White must now prevent ...a2.} 59. Bc1 a2 60. Bb2 d3 61. cxd3+ Kxd3 62. h5 Kc2 63. Bg7 Kb1 64. h6 a1=Q 65. Bxa1 Kxa1 66. Kf6 {And now Kg7 would win.} Nh7+ 67. Kg7 Ng5 68. Kg6 Ne6 69. h7 Nf8+ {Accuracy: White = 48%, Black = 69%.} 1/2-1/2

[Event "Gibraltar Challengers A 2020"]
[Site "Caleta"]
[Date "2020.01.24"]
[Round "5.4"]
[White "Sousa, Ludy Helsio Paulo"]
[Black "Royset, Pal"]
[Result "1-0"]
[WhiteElo "2247"]
[BlackElo "2151"]
[Annotator "TA"]
[PlyCount "99"]
[EventDate "2020.01.20"]
[EventType "swiss"]
[EventCountry "GGB"]
[SourceTitle "playchess.com"]
[Source "ChessBase"]
[SourceQuality "1"]

{[%evp 21,98,20,37,34,39,18,46,24,25,29,17,0,55,43,52,47,36,29,29,31,25,27,36,0,21,0,56,50,48,26,29,32,45,30,103,106,131,114,119,115,133,64,64,63,96,63,129,122,139,112,124,122,145,114,159,159,159,169,199,121,135,119,114,80,249,-299,644,245,238,233,216,215,714,701,29993,29994,29996,29997,29999]} 1. e4 e5 2. Bc4 Nf6 3. d3 Nc6 4. Nf3 Bc5 5. c3 O-O 6. O-O a6 7. Bb3 Ba7 8. Nbd2 {[%cal Bb1d2,Bd2f1,Bf1g3][%mdl 32]} d6 9. h3 Ne7 10. Re1 Ng6 11. Nf1 Be6 12. Ng3 {C54: Giuoco Piano: 4 c3 Nf6, main lines with 5 d4 and 5 d3} (12. d4 Bxb3 13. Qxb3 Qc8 14. Ng3 Re8 15. Bg5 Nd7 16. Nf5 Ndf8 17. h4 h6 18. h5 hxg5 19. hxg6 Nxg6 20. Nxg5 {0-1 (45) Svidler,P (2727)-Karjakin,S (2762) Baku 2015}) 12... h6 13. d4 Qc8 14. Kh2 {White is slightly better.} Re8 15. Be3 exd4 $146 ({Predecessor:} 15... c6 16. Qd2 exd4 17. Bxd4 Bxd4 18. Nxd4 Bxb3 19. axb3 d5 20. exd5 cxd5 {½-½ (35) Potapov,P (2470)-Nozdrachev,V (2438) Moscow 2011}) 16. Bxe6 fxe6 (16... Qxe6 $11 17. Bxd4 Bc5) 17. cxd4 $14 Qd7 18. Rc1 c6 19. Qc2 {And now e5 would win.} Qf7 20. b4 d5 21. e5 Nd7 22. Ne2 Ne7 23. Ng3 Nf5 ({Better is} 23... Ng6 $11) 24. Rf1 Rf8 25. Qe2 Nb6 26. Nd2 Na4 27. Nxf5 exf5 (27... Qxf5 $11 28. g4 Qg6) 28. f4 $16 Nb6 29. Rg1 Kh7 {[#]} 30. g4 $1 g6 31. Rg3 (31. gxf5 $16 Qxf5 32. Qg4) 31... Rg8 $14 32. Qd3 Rad8 33. Rc2 Nc8 (33... Rdf8 $14) 34. a4 $16 Qd7 35. Rg1 Ne7 36. Nf3 Rc8 37. Rcg2 Qe6 38. Bc1 Kh8 39. Kh1 Bb6 40. Bd2 (40. Nh4 $18) 40... Ra8 41. Be1 Raf8 42. Bh4 (42. Rh2 {is more complex.} Kh7 43. g5 h5 44. Nd2 Nc8 45. Nb3) 42... fxg4 $2 (42... g5 $16) 43. Bxe7 $4 {[%mdl 8192]} (43. hxg4 $18 Rxf4 44. Rh2) 43... Rxf4 $4 {[%mdl 8192]} ({Weaker is} 43... Qxe7 44. Rxg4 Qh7 45. Qe3 $16 (45. Rxg6 Rxg6 46. Rxg6 Rxf4 $11)) (43... gxf3 $19 44. Bxf8 fxg2+ 45. Rxg2 Rxf8 46. Rxg6 {[#]} Qf5 $1 {[%mdl 512]} 47. Qxf5 Rxf5) 44. Bf6+ $2 (44. Rxg4 Kh7 45. Bf6) 44... Rxf6 $18 45. exf6 gxf3 46. Qxf3 $40 {[%mdl 128] Intending f7 and mate. White has strong attack.} Bxd4 $2 (46... Qf7 47. Re1 Bd8) 47. f7 Rf8 48. Rxg6 {White mates.} Rxf7 49. Rxe6 Rxf3 50. Rxh6# {Accuracy: White = 44%, Black = 29%.} 1-0

[Event "Gibraltar Challengers A 2020"]
[Site "Caleta"]
[Date "2020.01.24"]
[Round "5.5"]
[White "Longa Yauca, Javier"]
[Black "Galvan, Jesus"]
[Result "1-0"]
[WhiteElo "2154"]
[BlackElo "2180"]
[Annotator "TA"]
[PlyCount "95"]
[EventDate "2020.01.20"]
[EventType "swiss"]
[EventCountry "GGB"]
[SourceTitle "playchess.com"]
[Source "ChessBase"]
[SourceQuality "1"]

{[%evp 9,106,11,19,6,24,10,34,44,51,0,0,0,0,0,54,38,62,44,68,41,41,50,59,9,36,29,89,70,64,39,33,33,62,60,57,57,161,75,85,65,106,87,134,140,150,155,171,116,163,130,165,84,127,126,127,118,141,133,144,134,141,141,137,146,154,129,170,168,165,169,251,246,486,221,616,618,766,750,1327,750,853,843,1312,1296,1331,1281,1190,1200,1191,1190,1096,1047,918,907,29997,29998,29998,29999,29999]} 1. c4 e5 2. Nc3 Nc6 3. g3 Bc5 4. Bg2 a6 5. b3 d6 6. Bb2 {A25: English Opening vs King's Indian with ...Nc6 but without early d3} Nge7 (6... Bf5 {with more complications.} 7. Nf3 Nf6 8. O-O O-O 9. Nd5 Re8) 7. e3 Ba7 8. Nge2 {White is slightly better.} h5 9. h3 $146 (9. d4 $14) ({Predecessor:} 9. h4 Bg4 10. d3 Qd7 11. Qd2 Rb8 12. Rc1 O-O 13. Ne4 {1-0 (51) Topalov,V (2749)-Grischuk,A (2761) Paris 2017}) 9... h4 $11 10. g4 f5 11. g5 Ng6 (11... Nb4 $11) 12. f4 Be6 13. d4 {aiming for d5.} Bd7 14. Nd5 e4 15. Qd2 Nce7 16. Ndc3 c6 17. d5 c5 (17... cxd5 $11 {remains equal.} 18. Nxd5 Nxd5 19. Qxd5 (19. cxd5 O-O $14) 19... Bxe3 20. Qxd6 (20. Bxg7 Nxf4 21. Nxf4 Qxg5 $11 {[%mdl 64] Double Attack}) 20... Qa5+ 21. Bc3 Qb6 22. Qxb6 Bxb6) 18. a4 Bb6 19. O-O Ba5 20. Rfd1 b5 21. axb5 axb5 22. Qc2 O-O ({Black should play} 22... bxc4 $14 23. bxc4 O-O) 23. cxb5 (23. Nxb5 $18 {is more deadly.} Bxb5 24. cxb5) 23... Qb6 24. Ra4 Bb4 25. Rda1 Rab8 26. Ra6 Qc7 27. Bf1 Bc8 28. Ra7 (28. Rc6 $18 Nxc6 29. bxc6) 28... Rb7 29. R7a4 Bd7 30. Ba3 (30. Ra6 $18) 30... Be8 31. Qc1 Bxa3 32. R1xa3 Bf7 33. Qd1 Nc8 34. Nc1 Nb6 35. Ra6 Ne7 36. Bc4 Rfb8 37. Ra2 Be8 38. Qe1 Ng6 39. N1e2 Qe7 (39... Bf7 $142 40. Qd2 Ne7) 40. Na4 $18 Nc8 $2 {[#]} (40... Qd8 41. Qa5 Ne7 42. Nxb6 Rxb6) 41. Nec3 (41. Nxc5 $142 $1 {[%mdl 512]} Rxb5 (41... dxc5 42. d6+) 42. Ne6) 41... Na7 $2 {[#]} (41... Qd7 42. Qd2 Ra7) 42. Nxc5 $1 {[%mdl 512]} Nxb5 (42... dxc5 43. d6+) 43. Nxb7 Rxb7 44. Ra8 {Black must now prevent Bxb5.} Nc7 45. R8a7 Nb5 46. Nxb5 Bxb5 47. Rxb7 Qxb7 48. Qa5 {Played: Qe1-b4} 1-0